000
00311nam a2200133Ia 4500
005
20251222141946.0
008
251222s9999||||xx |||||||||||||| ||spa||
082
_a
498.542.02/P32
100
_a
Payne, David
245
0
_a
Diccionario Asháninca - Castellano
250
_a
1ra.ed.
264
_b
ILV
942
_c
LIB
999
_c
9526
_d
9526